Plánovité riadenie rozvoja socialistického spôsobu života v etape budovania rozvinutej socialistickej spoločnosti ŠPZV VIII - 3 - 5/5
Na minha lista:
| Formato: | Livro |
|---|---|
| Idioma: | eslovaco |
| Publicado em: |
Bratislava
Výskumný ústav sociálneho rozvoja a práce
1985
|
| Tags: |
Sem tags, seja o primeiro a adicionar uma tag!
|
MARC
| LEADER | 00000nam a2200000 4500 | ||
|---|---|---|---|
| 001 | c037976 | ||
| 005 | 20240419071650.0 | ||
| 041 | 0 | |a slo | |
| 044 | |a SK | ||
| 245 | 1 | 0 | |a Plánovité riadenie rozvoja socialistického spôsobu života v etape budovania rozvinutej socialistickej spoločnosti |b ŠPZV VIII - 3 - 5/5 |
| 264 | 1 | |a Bratislava |b Výskumný ústav sociálneho rozvoja a práce |c 1985 | |
| 300 | |a 124 s. | ||